Luis II de Baviera
Furkejuvvon:
| Váldodahkki: | |
|---|---|
| Materiálatiipa: | Girji |
| Giella: | espánnjágiella |
| Almmustuhtton: |
Santiago
Ultra
1937
|
| Ráidu: | Empresa Letras, 61
|
| Fáttát: | |
| Fáddágilkorat: |
Lasit fáddágilkoriid
Eai fáddágilkorat, Lasit vuosttaš fáddágilkora!
|
MARC
| LEADER | 00000nam a2200000 a 4500 | ||
|---|---|---|---|
| 001 | UCH1328 | ||
| 003 | CL-VaPUC | ||
| 008 | 090420e19370000CL |||||||||||||||||spa|d | ||
| 082 | 0 | 4 | |a 933 |b POU |2 21 |
| 100 | 0 | |a Pourtales, Guy de |e author |9 535761 | |
| 245 | 1 | 0 | |a Luis II de Baviera |
| 300 | |a 191 p | ||
| 942 | |c BK | ||
| 945 | |d 20090420 00:00:00 |a dcastane | ||
| 260 | |a Santiago |b Ultra |c 1937 | ||
| 600 | 0 | 7 | |a LUIS II DE BAVIERA |2 CL-VaPUC |9 507422 |
| 650 | 7 | |a CUENTOS ALEMANES |2 CL-VaPUC |9 269122 | |
| 583 | |a last modification |c 20090420 00:00:00 |k Rodrigo Vera | ||
| 490 | 0 | |a Empresa Letras, 61 | |
| 999 | |c 333378 |d 333376 | ||
| 952 | |0 0 |1 0 |4 0 |6 933_000000000000000_POU_1937 |7 0 |8 A |9 421732 |a BIBHIS |b BIBHIS |d 2019-11-22 |i 4518209 |o 933 POU 1937 |p 4518209 |r 2025-01-20 |w 2019-11-22 |y BK |k HIS | ||